Kvantová chémia koordinačných zlúčenín

Salvato in:
Dettagli Bibliografici
Autori principali: Pelikán, Peter, Boča, Roman, 1950- (Autore)
Natura: Libro
Lingua:slovacco
Pubblicazione: Bratislava Veda 1987
Accesso online:Visualizza in OPAC
Tags: Aggiungi Tag
Nessun Tag, puoi essere il primo ad aggiungerne!!

MARC

LEADER 00000nam a2200000 a 4500
005 20260127134011.0
008 000508e1987 cs g slo c
035 |a vtls008480995 
035 |a SAVUKc056472 
039 9 |a 201012211223  |b mschk03  |y 200602030134  |z VLOAD 
040 |a SAVUK  |b slo  |c SNK  |d STUSCHK1  |e AACR2 
041 1 |a slo 
044 |a cs  |c CS 
100 1 |a Pelikán, Peter 
245 1 0 |a Kvantová chémia koordinačných zlúčenín  |c Peter Pelikán, Roman Boča 
260 |a Bratislava  |b Veda  |c 1987 
300 |a 432 s. 
700 1 |a Boča, Roman,  |d 1950-  |4 aut  |9 986 
910 |a savuk 
910 |a SCHK95 
999 |c 1836  |d 1836